书目信息 |
| 题名: |
典型数控系统及其应用
|
|
| 作者: | 罗学科 编著 ;赵玉侠 编著 | |
| 分册: | ||
| 出版信息: | 北京 化学工业出版社 2006 |
|
| 页数: | 191页 | |
| 开本: | 26cm | |
| 丛书名: | 数控技术与数控加工丛书 | |
| 单 册: | ||
| 中图分类: | TG659 , TP273 | |
| 科图分类: | ||
| 主题词: | 数控机床--kong ji chuang--数控系统 , 自动化系统 | |
| 电子资源: | ||
| ISBN: | 7-5025-7765-3 | |
| 000 | 00998nam 2200289 450 | |
| 001 | 0100000438 | |
| 005 | 20071024160646.90 | |
| 010 | @a7-5025-7765-3@dCNY27.00 | |
| 100 | @a20070823d2006 ekmy0chiy50 ea | |
| 101 | 0 | @achi |
| 102 | @aCN@b110000 | |
| 105 | @aak a 000yy | |
| 200 | 1 | @a典型数控系统及其应用@Adian xing kong tong ji ying yong@f罗学科, 赵玉侠编著 |
| 210 | @a北京@c化学工业出版社@d2006 | |
| 215 | @a191页@c图@d26cm | |
| 225 | 2 | @a数控技术与数控加工丛书@Akong ji yu kong jia gong cong shu |
| 320 | @a有书目 (第190-191页) | |
| 330 | @a本书是《数控技术与数控加工丛书》之一, 比较全面、系统地讲述了数控系统的基本组成, 各部分的主要功能和特点、工作原理等。 | |
| 410 | 0 | @12001 @a数控技术与数控加工丛书 |
| 606 | 0 | @a数控机床@Akong ji chuang@x数控系统 |
| 606 | 0 | @a自动化系统 |
| 690 | @aTG659@v4 | |
| 690 | @aTP273@v4 | |
| 701 | 0 | @a罗学科@Aluo xue ke@4编著 |
| 702 | 0 | @a赵玉侠@Azhao yu xia@4编著 |
| 801 | 0 | @aCN@c20071024 |
| 905 | @b20660203-05@dTG659@eL963@fTG659/L963 | |
| 典型数控系统及其应用/罗学科, 赵玉侠编著.-北京:化学工业出版社,2006 |
| 191页:图;26cm.-(数控技术与数控加工丛书) |
| ISBN 7-5025-7765-3:CNY27.00 |
| 本书是《数控技术与数控加工丛书》之一, 比较全面、系统地讲述了数控系统的基本组成, 各部分的主要功能和特点、工作原理等。 |
| ● |
| 相关链接 |
|
|
|
正题名:典型数控系统及其应用
索取号:TG659/L963
 
预约/预借
| 序号 | 登录号 | 条形码 | 馆藏地/架位号 | 状态 | 备注 |
| 1 | 660203 | 206602032 | 自科库501/501自科库 28排2列5层/ [索取号:TG659/L963] | 在馆 | |
| 2 | 660204 | 206602041 | 自科库501/501自科库 28排2列5层/ [索取号:TG659/L963] | 在馆 | |
| 3 | 660205 | 206602050 | 自科库501/501自科库 28排2列5层/ [索取号:TG659/L963] | 在馆 |